[Event "Yopal"]
[Site "Yopal"]
[Date "1997.06.27"]
[Round "7"]
[White "Garcia, Gildardo"]
[Black "Morovic Fernandez, Ivan"]
[Result "1-0"]
[WhiteElo "2485"]
[BlackElo "2580"]
[Annotator "Tyomkin,D"]
[PlyCount "81"]
[EventDate "1997.06.20"]
[EventType "tourn"]
[EventRounds "9"]
[EventCountry "COL"]
[EventCategory "12"]
[SourceTitle "CBM 060"]
[Source "ChessBase"]
[SourceDate "1997.09.29"]
[SourceVersion "1"]
[SourceVersionDate "1997.09.29"]
[SourceQuality "1"]

1. e4 c5 2. Nf3 d6 3. d4 cxd4 4. Nxd4 Nf6 5. Nc3 a6 6. Bg5 e6 7. f4 Qb6 8. a3
Nc6 9. Nb3 Be7 10. Qf3 Qc7 11. O-O-O Bd7 (11... h6 {Boensch} 12. Bxf6 Bxf6 13.
h4 h5 14. g3 Bd7 15. Rh2 O-O-O 16. Rhd2 Be7 17. Qe3 Kb8 18. Na4 Na5 19. Nxa5
Bxa4 20. Nc4 Bc6 21. Rd3 Bb5 22. Rc3 Bf6 23. e5 $1 dxe5 24. Nd6 $1 $16 {
Gruenfeld,Y-Psakhis,L/Herzliya 1993/1-0(26)}) 12. g4 {The best continuation
for white} (12. Be2 {Tyomkin,D} Rc8 13. g4 b5 14. Kb1 b4 15. axb4 Nxb4 16. Rd4
Rb8 17. Rhd1 O-O 18. e5 $2 (18. Bxf6 $142 gxf6 19. Qh3 {[%csl Rh7]}) 18... Bc6
(18... dxe5 $2 19. Rxd7 {[%csl Re7]}) 19. Rc4 (19. exd6 Bxd6 $15) 19... dxe5
20. Qg3 Nfd5 $17 {-><< Kochetov D-Dubinsky R N/Memorial A.Alekhine (open),
Moscow 1996/0-1(44)}) (12. Bh4 {Tyomkin,D} Rc8 13. g4 h6 14. Bg3 $2 e5 15. g5
$2 (15. f5 b5 $15 {[%cal Gb5b4]}) 15... Bg4 16. Qg2 hxg5 17. fxg5 Nh5 18. Nd5
Bxg5+ 19. Kb1 Qd8 $17 {Murey,Y-Sigurjonsson,G/Randers zt-f 19821/2-1/2(26)})
12... h6 13. Bxf6 Bxf6 14. Bg2 O-O-O 15. h4 g6 $5 $146 (15... Be7 {Tyomkin,D}
16. g5 Na5 17. Nxa5 Qxa5 18. Kb1 Kb8 19. Qg3 hxg5 20. hxg5 g6 $6 {[%csl Gh6]} (
20... Bc6 $142 21. g6 Rxh1 22. Rxh1 f5 $132) 21. Rh6 Rc8 22. Rdh1 Rhd8 23. Rh7
Be8 24. f5 $1 gxf5 (24... exf5 25. Nd5 $16) 25. g6 {[%cal Rh7b7]} f4 $2 (25...
Bf6 $142 26. exf5 (26. gxf7 $6 Bc6 27. exf5 Be5 28. Qh3 Bxc3) 26... Be5 $1 (
26... Bxc3 27. gxf7 Qb6 (27... Ba4 28. f8=Q Bxc2+ 29. Kxc2 $18 (29. Ka2 Bb3+
30. Kb1 Bc2+ 31. Kxc2)) 28. Qxc3 $1 Rxc3 29. f8=Q Bc6 30. Qxd8+ $1 Qxd8 31. Rh8
$18 (31. Bxc6 Rxc6 32. Rh8 Qxh8 33. Rxh8+ Rc8 $11)) 27. Qe3 Bc6 28. Bxc6 Rxc6
$13) 26. Qxf4 Qg5 (26... Bg5 27. Qg4 fxg6 $140 28. e5 $18 {[%csl Rb7]}) (26...
Rxc3 27. bxc3 Qxc3 28. Qf3 $1 $18) 27. Qxg5 Bxg5 28. gxf7 $18 {Gruenfeld,
Y-Adamson,R/Philadelphia World op 1994/1-0(40)}) 16. Rh3 h5 17. g5 Bxc3 $6 (
17... Bg7 18. Qf2 $14 {[%cal Gh3d3]}) 18. Qxc3 e5 19. Rhd3 Bg4 20. R1d2 exf4
21. Qf6 Qe7 22. Qxf4 Ne5 23. Rc3+ Kb8 24. Na5 $1 $16 Ka8 (24... Rc8 25. Rb3 Rc7
26. Rb6 {[%csl Rd6]}) 25. Qf2 {[%cal Gf2b6]} Be6 26. Qb6 Rc8 $2 (26... Rd7 $142
27. Rd4 $40) 27. Rxd6 (27. Rxc8+ Rxc8 28. Rxd6 $16) 27... Rxc3 28. bxc3 {
white let's black to double pawns,but now Pc3 turns an importent element of
white's attack} Bc8 $6 (28... Rc8 29. Qb4 Qc7 30. Bf1 Nc4 31. Bxc4 Bxc4 32. Rb6
$16) 29. c4 $18 {[%cal Gc4c5]} Bg4 30. c5 Rc8 31. Rd5 $1 {[%cal Rd5e5]} (31.
Bf1 {[%cal Yf1a6]} Qc7 $1 (31... Rb8 32. c6 $1 bxc6 33. Qxa6+ Qa7 34. Qxa7+
Kxa7 35. Nxc6+ Nxc6 36. Rxc6 $18) 32. Rd5 (32. Bxa6 $2 bxa6 33. Qxa6+ Qa7 {
[%cal Yg4c8]}) (32. Qxb7+ $6 Qxb7 33. Nxb7 Kxb7 34. Bxa6+ Kc7 35. Bxc8 Bxc8 {
in this ending white has 3P+R:N+B,but all white pawns are vulnerable and
desconnected})) 31... Nc6 32. Nc4 {[%cal Gc4d6] this N is a major piece in
this game} Rb8 33. Qb2 Be6 34. Nb6+ Ka7 35. Rd6 Re8 36. e5 {[%cal Yg2c6]} Bf5
37. Nc4 Qc7 38. Qb6+ Qxb6 39. cxb6+ Kb8 40. Bxc6 bxc6 41. Rxc6 1-0

[Event "Hoogovens"]
[Site "Wijk aan Zee"]
[Date "1998.02.01"]
[Round "13"]
[White "Topalov, Veselin"]
[Black "Gelfand, Boris"]
[Result "1/2-1/2"]
[WhiteElo "2740"]
[BlackElo "2675"]
[Annotator "Tyomkin,D"]
[PlyCount "60"]
[EventDate "1998.01.16"]
[EventType "tourn"]
[EventRounds "13"]
[EventCountry "NED"]
[EventCategory "17"]
[SourceTitle "CBM 063"]
[Source "ChessBase"]
[SourceDate "1998.03.26"]
[SourceVersion "1"]
[SourceVersionDate "1998.03.26"]
[SourceQuality "1"]

1. e4 {Rodriguez,Am} c5 2. Nf3 d6 3. d4 cxd4 4. Nxd4 Nf6 5. Nc3 a6 6. Bg5 e6 7.
f4 Qb6 8. Qd2 Qxb2 9. Rb1 Qa3 10. f5 Nc6 11. fxe6 fxe6 12. Nxc6 bxc6 13. e5
dxe5 14. Bxf6 gxf6 15. Ne4 Qxa2 16. Rd1 Be7 17. Be2 O-O 18. O-O Ra7 $1 {
[%cal Ga7g7] Rodriguez: Big surprise! Thus far no strong player from the top
had ever had the courage to play this move. All in all it is a highly obscure
variation supported mainly by Poulsen,A from Denmark. Instead many games have
followed the line 18...f5, one of its supporters, cuban IM Irisberto Herrera
believes there is no win available for White.} (18... f5 {This move leads to
the drawTyomkin,D} 19. Qh6 Qxc2 {There is also the more dubious 19...Rf7} 20.
Rd3 {Also 20.Rf3 and 20.Ng5 have been played without success.} (20. Ng5 Bc5+ (
20... Qc5+ $2 21. Kh1 Bxg5 22. Qxg5+ Kh8 23. Rd8 Ra7 (23... Rxd8 24. Qxd8+ Kg7
25. Qg5+ Kh8 26. Rd1 $18) 24. Rfd1 (24. Rxf5 $3 exf5 25. Qf6+ Kg8 26. Bc4+) (
24. Qf6+ Kg8 25. Rxf5 $3 {mating}) 24... Raf7 25. Bh5 Rb7 26. Rxf8+ Qxf8 27.
Rd8 {1:0 Wang Lei-Lhagvasuren, Beijing 1991}) 21. Kh1 Ra7 $17 {
Liberzon-Gruenfeld, Biel 1980}) (20. Rf3 f4 21. Rh3 Rf7 (21... Qxe4 22. Bd3 Rd8
23. Bxe4 Rxd1+ 24. Kf2 $18) 22. Rhd3 Qxe2 23. Rd8+ Rf8 24. Nf6+ Kf7 25. Nh5
Bxd8 26. Qxh7+ Ke8 27. Qg6+ $11 {Watson-King, London 1990}) 20... Qxe2 21. Rg3+
Kf7 22. Rxf5+ $1 exf5 23. Rg7+ Ke8 24. Qxc6+ Kd8 25. Qb6+ $11 {
Velimirovic-Ftacnik, Vrsac 1981} (25. Qb6+ {Rodriguez,Am} Ke8 26. Qc6+ Kd8 27.
Qb6+ Ke8 {A real proven position! 1/2-1/2 in Velimirovic-Ftacnik, Vrsac 1981,
Oll-Dolmatov,SSSR 1985, Pérez,R-Herrera,I, La Habana 1992, Kolev-Herrera,I
Madrid 1997.})) 19. Qh6 $2 {white changes the order of moves,but black didn't
use the chance} (19. Rf3 $142 $5 Kh8 20. Rg3 Rd7 (20... Rg8 {Rodriguez,Am} 21.
Qh6 Rxg3 22. hxg3 Rd7 23. Nxf6 Qxc2 24. Bh5 $4 Rxd1+ 25. Bxd1 Qxd1+ 26. Kh2 Qd3
{0-1 Hakki-Iskov,G/Eksjo 1982}) 21. Qh6 Rf7 22. Qh5 Rxd1+ 23. Bxd1 Qa5 24. Kf1
Qd8 $11 {-see19.Qh6 Rd7 20.Rf3 Rf7 21.Rg3Kh8 22.Qh5etc.}) (19. Nxf6+ $2 Bxf6 $1
(19... Rxf6 20. Qg5+ Rg6 21. Rd8+ Kg7 22. Qxe5+ Bf6 23. Qc5 Rf7 24. Rxc8) 20.
Rxf6 Rxf6 21. Qg5+ Rg6 22. Rd8+ Kf7 $19) 19... Rd7 $2 (19... Qxc2 $17 {I don't
see clear way for white how to develope an initiative,but I guess Topalov and
Gelfand knew something about this move.Later,I asked the second of Gelfand and
my treiner A.Huzman about what was happening in this game and he answered me
that Boris analysed this variation,but simply forgot the right way.[Tyomkin,D ]
!!-Ftacnik Rodriguez: An important alternative to which Ftacnik attaches a !!
sign in his notes on Modern Chess Classics 6. There are two games available,
both won by Poulsen as Black.} 20. Nxf6+ (20. Bd3 Qb3 (20... Qa4 $5) 21. Kh1 (
21. Rd2 f5 22. Rf3 Ba3 $3 23. Rg3+ (23. Bc2 $2 Qb6+ 24. Kh1 fxe4) 23... Kh8 24.
Nf6 Raf7) 21... f5 22. Qe3 Rd7 $1 23. Rd2 (23. Qg3+ Kf7) 23... Bb4 $1 {0-1
Morris,W-Poulsen,A/Copenhagen op 1980} (23... fxe4 24. Qg3+ Kh8 25. Qxe5+) (
23... Bb4 $1 24. Rdd1 (24. Rb1 Bxd2 25. Qg3+ Rg7) 24... fxe4 25. Rxf8+ Bxf8)) (
20. Rd3 {Tyomkin,D} Qxe2 21. Rg3+ Kf7 22. Rxf6+ Ke8 (22... Bxf6 23. Qxf6+ Ke8
24. Nd6+ Kd7 25. Rg7+ Kxd6 26. Qxf8+ Kd5 27. Rxa7 Qd1+ 28. Qf1 Qd4+) 23. Rxf8+
Bxf8 24. Nf6+ Kf7 25. Qxh7+ Kxf6 26. Rg6+ (26. Rf3+ Qxf3) 26... Kf5 27. Rg7+
Kf4 $19) (20. Qe3 {Tyomkin,D} Rb7 21. Rd2 (21. Bd3 Qb3 22. Rb1 Qd5 23. Rbd1 Rb3
) 21... Qa4) 20... Bxf6 (20... Kh8 $5 {Tyomkin,D} 21. Bd3 (21. Nd7 Rg8 22. Rd2
(22. Nf6 Bc5+ 23. Kh1 Qxe2 24. Nxg8 Rg7) 22... Qe4) 21... Qc5+ 22. Kh1 Bxf6 23.
Rxf6 Rg8) 21. Rxf6 Qc5+ 22. Kh1 Rg7 23. Qh4 {Hyldkrog-Poulsen,A/corr/1979 -+
Ftacnik} (23. Rdf1 {Tyomkin,D} Rxf6 24. Qxf6 Qe7 25. Qxe5 Qg5) 23... Bd7 $1 {
Tyomkin,D} 24. Bxa6 Qe7 (24... Rb8)) 20. Rd3 $11 {Rodriguez: A prudent novelty
that goes directly towards a forced draw.} (20. Rxd7 $2 Bxd7 21. Nxf6+ Bxf6 22.
Rxf6 Qa1+ 23. Bf1 Qd4+) (20. Rf3 {Tyomkin,D} Rf7 21. Rg3+ Kh8 22. Qh5 Rxd1+ 23.
Bxd1 {[#]} Qa5 (23... Qd5 24. Qxf7 Qxd1+ 25. Kf2 Qxc2+ 26. Kf3 Qd3+ 27. Kf2
Qd4+ 28. Kf3 Qd1+ 29. Kf2 $11) 24. Kf1 Qb5+ (24... Qd8 $11) (24... Qd8 {
CCYB 11/164} 25. Qxf7 Qxd1+ 26. Kf2 Qxc2+ 27. Ke3 Bc5+ 28. Nxc5 Qxc5+ 29. Kf3
e4+ $1 (29... Qd5+ $4 30. Kg4 $1 {P h3+-}) 30. Kxe4 Qc4+ $10 {RR CCYB 1/2-1/2
Andersson,G-Poulsen,A/corr Olympiad) 1991}) (24... Qd8 {Rodriguez,Am
transposes into one of the above games where Black drawed easily.}) 25. Be2
Qb1+ 26. Kf2 Qb7 $4 (26... Qb6+ 27. Kf3 f5 $1 28. Qxf7 fxe4+ 29. Kg4 Qd8) 27.
Bxa6 $18 Qa7+ 28. Kf3 Qxa6 29. Qxf7 Qf1+ 30. Nf2 e4+ 31. Kg4 e5+ 32. Kh4 {
1:0 Poliakov-Khenkin, USSR 1988}) 20... Rxd3 21. Bxd3 f5 (21... Rf7 $11 22.
Nxf6+ (22. Ng5 fxg5 23. Bxh7+ Rxh7 24. Qg6+ $11) (22. Rf3 $2 f5) 22... Bxf6 (
22... Rxf6 $4 23. Bxh7+ {with mate}) 23. Bxh7+ Rxh7 24. Qxf6 Rg7 25. Qd8+ Kh7
26. Qh4+ $11) 22. Ng5 Bxg5 23. Qxg5+ Kh8 24. Qe7 Rg8 $8 (24... Kg8 25. Rf3 Qa1+
26. Kf2 Qd4+ 27. Kf1 $18) 25. Qf6+ Rg7 26. Qf8+ (26. Qxe5 $2 Qd5) 26... Rg8 27.
Qf6+ Rg7 28. Rd1 Qd5 29. Qf8+ Rg8 30. Qf6+ Rg7 1/2-1/2

[Event "USA-ch G2"]
[Site "Chandler"]
[Date "1997.08.28"]
[Round "5"]
[White "Shabalov, Alexander"]
[Black "De Firmian, Nick E"]
[Result "0-1"]
[WhiteElo "2585"]
[BlackElo "2570"]
[Annotator "Tyomkin,D"]
[PlyCount "78"]
[EventDate "1997.08.23"]
[EventType "tourn"]
[EventRounds "7"]
[EventCountry "USA"]
[EventCategory "13"]
[SourceTitle "CBM 061"]
[Source "ChessBase"]
[SourceDate "1997.11.23"]
[SourceVersion "1"]
[SourceVersionDate "1997.11.23"]
[SourceQuality "1"]

1. e4 c5 2. Nf3 d6 3. d4 cxd4 4. Nxd4 Nf6 5. Nc3 a6 6. Bg5 e6 7. f4 Qb6 8. Qd2
Qxb2 9. Nb3 Qa3 10. Bxf6 gxf6 11. Be2 Nc6 12. O-O Bd7 13. Kh1 {in this
variation white should play very well,othewise white hasn't compensation for
the sacrificed pawn} Rc8 (13... h5 14. Nd1 Rc8 15. Ne3 (15. Rf3 {Ftacnik} Qb4
16. Qe3 Qa3 17. Qb6 Qb4 18. Qf2 Qxe4 19. Bd3 Qa4 20. Nb2 Qa3 21. Nc4 Qb4 22. a3
Qc3 23. Bf1 $18) 15... Qb4 16. c3 Qxe4 (16... Qb6 {Ftacnik} 17. Nc4 Qc7 18.
Rad1 (18. Rfd1 h4 $5)) 17. Bd3 Qa4 18. Nc4 Rc7 19. Nb6 Qa3 20. Rae1 (20. Nc4
Qa4 21. Nb6 Qa3 22. Nc4 {1/2-1/2 Gulko,B-Psakhis,L/Beersheba 1993/CBM 38}) (20.
Qe3 {Ftacnik} Kd8 $6 21. Na8 d5 22. Qb6 Qd6 $44) 20... Ne7 21. Nc4 Rxc4 22.
Bxc4 h4 23. Bd3 {0-1 Short,N-Kasparov,G/PCA-Wch London 1993/CBM 36/[Ftacnik] 
(40)} (23. Rf3 $5 {Ftacnik}) (23. Be2 $1 {Ftacnik} Bg7)) 14. Bh5 Bg7 15. Rf3
O-O 16. Rg3 $146 (16. Re1 $6 {Tyomkin,D} Na5 $1 {<->c} 17. f5 $6 $17 (17. Nd4
$5 Qc5 18. f5 Nc4) 17... Nxb3 (17... Nc4 $5) 18. axb3 Qa5 $6 (18... exf5 $142
19. Nd5 (19. exf5 Qa5 $17 {[%csl Rc3,Rf5]}) 19... Rfe8) 19. Rd3 exf5 (19...
Rfd8 20. Rd1) 20. Rxd6 Be6 21. Nd5 Qxd2 22. Ne7+ Kh8 23. Rxd2 Rce8 24. exf5
Bxf5 (24... Rxe7 25. Rde2 $11) 25. Rde2 Bd7 (25... Be6 $2 26. Rxe6 fxe6 27.
Bxe8 Rxe8 28. Rxe6) 26. Bf3 b5 27. Ra1 b4 28. Nd5 f5 29. Rd1 {1/2-1/2 Liberzon,
V-Ribli,Z/Buenos Aires olm 1978/MCD-ol}) (16. Rd1 {Ftacnik} f5 17. exf5 exf5
$13 {Rodriguez,Am-Vera/Havana/1978/}) 16... Kh8 (16... Na5 $5 17. f5 {[%cal
Rd2h6]} (17. Nd5 $2 exd5 18. Nxa5 Qb2 $17) 17... Kh8 18. Nxa5 Qxa5 19. Qxd6
Rxc3 20. Qxd7 exf5 21. exf5 Rxg3 22. hxg3 Qe5 23. Rd1 Qxg3 24. Bf3 (24. Bxf7
Bh6 $19) 24... Bh6 $17) 17. Rf1 {[%cal Gf4f5]} Ne7 (17... Na5 $5 18. f5 Nc4 (
18... Nxb3) 19. Qf4 Ne5 $15 {/-/+}) 18. f5 exf5 19. exf5 Bxf5 (19... Nxf5 20.
Rgf3 Nh4 $17) 20. Qe1 Be6 $6 (20... Bg6 21. Bf3 (21. Qxe7 Bxh5 22. Qxb7 Bg6 $17
{^^}) 21... Rfe8 $17 {[%cal Ge7f5]}) 21. Ne4 {White got some initiative for
the second pawn} Qb2 (21... d5 22. Nd4 (22. Nxf6 Nf5) 22... Qb2 23. Nxe6 fxe6
24. Nd6 Nf5 25. Rb3 $132) (21... Rxc2 22. Nd4) 22. Nxd6 Rxc2 23. Nxf7+ (23.
Bxf7 Bxf7 24. Qxe7 Rf2 $2 (24... Bg6 25. Nf5 Rf7) 25. Qxf8+ Bxf8 26. Nxf7#)
23... Bxf7 24. Qxe7 Rf2 25. Re1 Qe5 26. Kg1 $8 {from 22nd move all moves were
playing by force} {[%tqu "En","Now black has a couple of possibilities.Find
the best","","","f2g2","",10]} Rxg2+ $1 27. Rxg2 Qxh5 $36 {[%csl Rg1] ^^ I
suppose that in this stage of the game both players were getting into the
time-trouble.How it's strange,white's position almost hopeless} 28. Qxb7 (28.
Nd4 Re8 29. Qb4 Bd5 $17) 28... Bh6 {[%cal Rf7d5]} 29. Qxa6 $2 (29. Rg3 $142 Bf4
(29... Bd5 30. Qe7 (30. Qxa6 $2 Bf4 {-29.Qxa6})) 30. Rg2 $1 (30. Qe7 Qh6) 30...
Rg8 $1 (30... Bd5 $140 31. Qg7#) (30... Bh6 $11) 31. Rxg8+ Bxg8 32. Qg2 Bd5 $19
) (29. Nd4 Bd5) 29... Bd5 30. Qe2 (30. Rg3 Bf4 31. Qe2 (31. Qa3 Ra8 32. Qe7 (
32. Qxa8+ Bxa8 {[%cal Gh5e8]}) 32... Bxg3 33. Qxf6+ Kg8 $19) 31... Qh6 $19 (
31... Qh4 32. Qe7 (32. Qe7 Rg8 33. Rxg8+ Bxg8 $44)) (31... Qxe2 32. Rxe2 Bxg3
33. hxg3 $11) 32. Rd1 (32. Rg4 Qh3 $1 {[%cal Gf4h2]}) 32... Bxg3 33. Rxd5 Rg8
$1 34. Kh1 Bxh2 $3 35. Qxh2 (35. Rh5 Qg6 {[%cal Yg6b1,Yg6g1]}) 35... Qe3 $19 {
White has no defence}) 30... Bf3 $19 {Now black is getting desicive attack} 31.
Qd3 Bxg2 32. Kxg2 Bf4 33. Rh1 Rg8+ 34. Kf2 Qh4+ 35. Kf1 Qg4 $1 36. Qe2 (36. Qd5
Re8 $1 {[%cal Rg4e2]} 37. Qd3 Be3 $19) 36... Qh3+ (36... Qf5 $1 $19) 37. Ke1
Qc3+ 38. Kf2 $2 (38. Kf1 Qh3+ 39. Ke1 Bg3+ 40. Kd1 Qd7+ $1 41. Nd2 (41. Qd2
Qg4+) 41... Qa4+ 42. Nb3 Rd8+ 43. Kc1 Qc6+ {[%csl Rh1]}) 38... Be5 {[%cal
Gc3h3]} 39. Rc1 (39. Qf3 Qc2+ $19) 39... Qh3 0-1

[Event "Linares 18th"]
[Site "Linares"]
[Date "2001.02.28"]
[Round "5"]
[White "Leko, Peter"]
[Black "Polgar, Judit"]
[Result "1/2-1/2"]
[WhiteElo "2745"]
[BlackElo "2676"]
[Annotator "Tyomkin,D"]
[PlyCount "54"]
[EventDate "2001.02.23"]
[EventType "tourn"]
[EventRounds "10"]
[EventCountry "ESP"]
[EventCategory "19"]
[SourceTitle "CBM 082"]
[Source "ChessBase"]
[SourceDate "2001.05.17"]
[SourceVersion "1"]
[SourceVersionDate "2001.05.17"]
[SourceQuality "1"]

1. e4 c5 2. Nf3 d6 3. d4 cxd4 4. Nxd4 Nf6 5. Nc3 a6 6. Bg5 e6 7. f4 Qb6 8. Nb3
Be7 9. Qf3 Nbd7 10. O-O-O Qc7 11. Bd3 b5 12. a3 Rb8 13. Rhe1 h6 {[%mdl 4]
That's actually an improvement of Kasparov's 13...b4 from the first round
against the same Leko. Polgar's move leads to the comfortable position for
black.} (13... b4 14. axb4 Rxb4 15. Kb1 Bb7 16. Qh3 Nc5 17. Nxc5 dxc5 18. e5 c4
$5 (18... Nd5 $6 {1/2-1/2 Leko,P-Kasparov,G/Linares 2001/CBM 82_01 (55)})) 14.
Qh3 ({Probably, white can look for something only in the line:} 14. Bh4 g5 {
but it should be good for black.}) 14... e5 $1 {[%cal Gc8h3][%mdl 4] Black
threatens to move the knight from d7, attacking white queen over the diagonal
c8-h3.} 15. f5 $146 {This move doesn't let black castle, but black doesn't
suffer from it at all because the center is closed after f4-f5. In the game
Leko-Kasparov, the pawn structure in the center was flexible, and white could
break through the center.} (15. g4 {Tyomkin,D} Nb6 16. fxe5 dxe5 (16... Bxg4 $2
17. exd6 Qxd6 (17... Bxd6 18. e5) 18. e5 (18. Qe3 $5) 18... Qc6 19. Qg3 Nh5 20.
Qxg4 Bxg5+ 21. Kb1 Nf4 22. h4 $16) 17. Bxf6 Bxf6 18. Nd5 Nxd5 19. exd5 O-O 20.
Nd2 $2 (20. d6 $5) 20... Rd8 21. Ne4 Be7 22. d6 Bxd6 23. Nxd6 Rxd6 24. Rxe5
Bxg4 $1 {[%csl Re5][%cal Gd6d3]} 25. Qe3 {[%cal Re5e8]} (25. Rde1 Re6 26. Rxe6
Bxe6 27. Rxe6 fxe6 28. Qxe6+ Kf8 29. Qxa6 Qxh2 30. Bxb5 Qg1+ $17) 25... Re6 $17
{Zaitsev Igor A-Mitenkov Alexey/It (cat.9), Moscow (Russia) 1996/0-1 (43)})
15... b4 ({Of course not:} 15... O-O $6 16. Bxh6 $1 {[%csl Rg8] and white's
attack is too strong.}) 16. axb4 Rxb4 17. Bd2 Nb6 {Black has a good choice of
moves instead- in all cases black can be just better:} (17... Bb7 $5 18. Kb1 (
18. g4 Rxb3 $1 19. cxb3 Nc5 $44) 18... Nc5 19. Nxc5 Qxc5 (19... dxc5 $6 20. Nd5
$1) 20. Na2 Rxe4 $5 $44) (17... Nc5 $5 18. Nxc5 Qxc5 $13 (18... dxc5 19. Nd5 $1
)) 18. g4 {[%cal Rg4g5]} Rg8 $1 {The exactest reply- black doesn't mind to
keep the king in the center. White can not do too much here, on the other hand
black may go on over the queenside.} 19. Kb1 (19. g5 hxg5 20. Bxg5 Bb7 {
[%cal Gb6c4,Gb6a4]} (20... Nxe4 $2 21. Bxe7 Nxc3 22. bxc3 Rxb3 23. Bxd6 $1 $18)
) 19... Nc4 20. Bxc4 Rxc4 (20... Qxc4 $6 21. g5 hxg5 22. Bxg5 Bb7 $140 23. Na5
{trading the worst knight for the good bishop.}) 21. g5 hxg5 22. Bxg5 {[%cal
Rg5f6]} Bb7 {[%csl Yd5] Black is in time to control d5-square.} 23. Bxf6 Bxf6
24. Nd5 Bxd5 25. Rxd5 $11 Ke7 {Finally the rook g8 can be moved into the game.}
({The pawn c2 was poisonous:} 25... Rxc2 26. Qd3 Rxh2 (26... Rc6 27. Na5 Rc5
28. Rxc5 dxc5 29. Qxa6 $16) 27. Rc1 {[%csl Re8][%cal Gd5d6]} Qb7 28. Rxd6 $16)
26. Qd3 Rc8 27. Re2 Qb6 {Both sides can not achieve any progress over here.}
1/2-1/2